000 00474nam a22001937a 4500
003 bpm
005 20260427095309.0
008 260427b |||||||| |||| 00| p spa d
024 _aS. C. C. / M. C. y E. M.:
040 _aAR-CtUCP
041 _aspa
080 _aCDU
100 _aMauriño Alejandro
245 _aHecho en la gran arena
260 _aCorrientes
_bCírculo Editor Kordylas
_c1991
650 _aLiteratura - Poesía
942 _cLIB
999 _c76694
_d76694